00844nam a2200205 u 450000100100000000500170001000800410002704000250006808200150009310000370010824500960014526000360024130000330027750000380031050000320034804900090038095201130038995201190050299900170062100001980120200929170138.0100707s1983 dr r 000 0 spa d aDO-SdBNPbspacBNPHU axxxbR621d1 aRivera Torres, Jorge Juan94227910aDocumentos historicos de la iglesia episcopal puertorriqueña /cJorge Juan Rivera Torres. aSanto Domingo :bLozano,c1983. av. :bil. ; retrs. ;c25 cm. aIncluye notas al pie de páginas aLa biblioteca posee el v. 1 aBNPD 0010718PDaPDbPDcCTd2010-07-07iLF1l0oxxx R621dp19801-10r2020-06-25w2020-06-25yLFPDZNo se presta 0010718PDaPDbPDcCTd2010-07-07iLF1l0oxxx R621dp19801-20r2020-06-25te. 2w2020-06-25yLFPDZNo se presta c19314d19314